The European Union Blitz - Statistics

General Stats
  • This quiz has been taken 15 times
  • The average score is 16 of 28
Answer Stats
Answer % Correct
France
100%
Germany
100%
Ireland
91%
Portugal
91%
Spain
91%
Belgium
82%
Italy
82%
United Kingdom
82%
Austria
64%
Estonia
64%
Finland
64%
Latvia
64%
Denmark
55%
Greece
55%
Lithuania
55%
Luxembourg
55%
Netherlands
55%
Sweden
55%
Croatia
45%
Hungary
36%
Malta
36%
Poland
36%
Romania
36%
Czech Republic
27%
Slovakia
27%
Slovenia
27%
Cyprus
18%
Bulgaria
9%
No matching quizzes found
Score Distribution
Percent of People with Each Score
Percentile by Number Answered
Your Score History
You have not taken this quiz